Podstawowe rodzaje zup Polskich - Statystyki

Ogólne statystyki
  • Ten quiz został rozwiązany 292 razy
  • Średni wynik to 12 z 15
Statystyki odpowiedzi
Odpowiedź % Poprawnych
3 Pomidorowa
100%
1 Rosół
99%
5 Ogórkowa
88%
9 Barszcz czerwony
87%
7 Żurek
84%
8 Barszcz biały
83%
2 Krupnik
82%
10 Grochowa
81%
6 Jarzynowa
81%
11 Kapuśniak
76%
4 Grzybowa
73%
15 Flaki
71%
12 Kalafiorowa
70%
14 Gulaszowa
58%
13 Koperkowa
53%
Nie znaleziono quizów pasujących do podanych kryteriów
Rozkład punktacji
Procent ludzi z każdym wynikiem
Percentyl według liczby udzielonych odpowiedzi
Twoja historia wyników
Nie rozwiązałeś tego quizu